Statistics for Countries With Most Beautiful Womens

Click here to take the quiz!

General Stats

  • This quiz has been taken 124 times
  • The average score is 10 of 15

Answer Stats

Answer% Correct
United States
92%
United Kingdom
86%
Brazil
82%
Russia
82%
Italy
72%
Argentina
68%
Canada
64%
India
63%
Colombia
62%
Venezuela
59%
Australia
57%
Ukraine
51%
Netherland
47%
Denmark
41%
South Korea
28%

Score Distribution

Percentile by Number Answered

Percent of People with Each Score

Your Score History

You have not taken this quiz